000 00800nam a2200253 i 4500
001 175975
003 ES-MaACL
005 20230906215945.0
008 101202s1986 fr a |||| | fre d
020 _a2-85025-117-8
080 _a7.036:069
100 1 _aGeorgel, Chantal.
_9141594
245 1 3 _aLa rue /
_cpar Chantal Georgel.
260 _aParis :
_bHazan,
_c[1986]
300 _a95 p. :
_bil. col. y n. ;
_c24 cm.
490 1 _aXIXe Siècle / histoire ;
_v1
500 _aÍndice de 62 ilustraciones.
504 _aBibliografía: p. 95.
650 4 _aPintura europea-
_yS.XIX.
_9143927
650 4 _aCiudades-
_xEn el arte.
_9158832
830 0 _aXIXe Siècle / histoire ;
_v1
_9223947
852 1 _aBA
_j2304-F-11
_z. - Biblioteca Jacinto Martínez Lacalle
999 _c175975
_d175975